=LDR 00000nam 2200000 4500 =001 INLIS000000000012455 =005 20130612103957 =008 ***********************************Ind** =035 ##$$0010-061300000012455 =041 ##$$a Ind =082 ##$$a 419.507 =090 ##$$a 419.507, Sup t =100 ##$$a Suparko, I Wayan =245 ##$$a Tata bahasa, bahasa Bali anyar, Dm.I wayan Suparka =260 ##$$a 1993 $b Denpasar =300 ##$$a x, 71 hlm., 21 cm =650 ##$$a Bahasa Bali =850 ##$$a NBPNMAT